La transformación de la democracia como modelo de orientación de las sociedades complejas /

Helmut Willke (1945) es actualmente uno de los principales representantes del pensamiento sistémico en sociología. Estrecho colaborador de Niklas Luhmann durante los años ochenta en la Universidad de Bielefeld, el interés de Willke por una teoría de sistemas que se hiciera cargo de problemas concret...

Descripción completa

Detalles Bibliográficos
Autor principal: Willke, Helmut
Formato: Analitica de revista
Lenguaje:español
Publicado: Santiago, Chile CEP 2006

MARC

LEADER 00000cab a2200000 a 4500
001 032621
003 UAHC_CL
005 20170803123523.0
008 030915b xx j 000 1 spa
040 |a UAHC_CL  |c UAHC_CL  |d UAHC_CL 
100 1 |a Willke, Helmut 
245 1 3 |a La transformación de la democracia como modelo de orientación de las sociedades complejas /  |c Helmut Willke. 
260 |b CEP  |c 2006  |a Santiago, Chile 
300 |a p. 179-201 
500 |a En: Estudios Públicos. -- Nº102 (otoño, 2006), p. 179-201. ISSN 07161115. 
500 |a En: Estudios Públicos. -- Nº102 (otoño, 2006), p. 179-201. ISSN 07161115. 
500 |a En: Estudios Públicos. -- N∫102 (otoÒo, 2006), p. 179-201. ISSN 07161115. 
520 |a Helmut Willke (1945) es actualmente uno de los principales representantes del pensamiento sistémico en sociología. Estrecho colaborador de Niklas Luhmann durante los años ochenta en la Universidad de Bielefeld, el interés de Willke por una teoría de sistemas que se hiciera cargo de problemas concretos de las sociedades modernas lo llevó a desarrollar una línea de pensamiento sistemático heterodoxa caracterizada fundamentalmente por la idea de una intervención "no instructiva" en sistemas sociales autónomos. Mientras Luhmann sostuvo con énfasis la imposibilidad de intervención de un sistema autónomo desde el entorno, para Willke la intervención será exitosa en tanto tenga sentido para las propiedades autónomas del sistema que se busca regular. El texto que se presenta a continuación expresa esta idea en relación con la democracia: si ella busca mantener alguna capacidad de orientación de la sociedad moderna, debe renunciar a toda pretensión de control y sustituirla por una gramática de la coordinación. La democracia se transforma de este modo en un modelo de seducción probablemente más estratégico, pero de todos modos menos impositivo. 
520 |a Helmut Willke (1945) es actualmente uno de los principales representantes del pensamiento sistémico en sociología. Estrecho colaborador de Niklas Luhmann durante los años ochenta en la Universidad de Bielefeld, el interés de Willke por una teoría de sistemas que se hiciera cargo de problemas concretos de las sociedades modernas lo llevó a desarrollar una línea de pensamiento sistemático heterodoxa caracterizada fundamentalmente por la idea de una intervención "no instructiva" en sistemas sociales autónomos. Mientras Luhmann sostuvo con énfasis la imposibilidad de intervención de un sistema autónomo desde el entorno, para Willke la intervención será exitosa en tanto tenga sentido para las propiedades autónomas del sistema que se busca regular. El texto que se presenta a continuación expresa esta idea en relación con la democracia: si ella busca mantener alguna capacidad de orientación de la sociedad moderna, debe renunciar a toda pretensión de control y sustituirla por una gramática de la coordinación. La democracia se transforma de este modo en un modelo de seducción probablemente más estratégico, pero de todos modos menos impositivo. 
759 |a PP068 
773 0 |t Estudios públicos  |w 032045 
900 |a ESTUDIOS PUBLICOS-102/06 
942 |c REVA 
952 |0 0  |1 0  |4 0  |6 ESTUDIOS_PUBLICOS102_06_000000000000000  |7 0  |8 General  |9 63044  |a BC  |b BC  |c General  |d 2017-08-03  |l 0  |o ESTUDIOS PUBLICOS-102/06  |p FICTICIO3370  |r 2019-01-08 00:00:00  |t 1  |w 2017-08-03  |y REVA 
999 |c 32621  |d 32621